| 000 | 00768nam a22002057a 4500 | ||
|---|---|---|---|
| 999 |
_c18252 _d18252 |
||
| 003 | AR-CdUCM | ||
| 008 | 190513b ||||| |||| 00| 0 spa d | ||
| 040 |
_aMUNICIPALIDAD PROVINCIAL DEL CUSCO _cBIBLIOTECA MUNICIPAL DEL CUSCO |
||
| 082 |
_a331.09 / _bD73 |
||
| 100 |
_aDolleans, Edouard _938642 |
||
| 245 | _aHistoria del movimiento obrero III 1921 hasta nuestros días / | ||
| 260 |
_aBuenos Aires : _bUniversitaria, _c1961. |
||
| 300 |
_a327 páginas ; _c23 cm. |
||
| 505 | _aUn mundo trastornado, sacudido y claudicante -- Las libertades en peligro -- Las hesitaciones de la Historia -- Entre el cine y la soledad... | ||
| 650 |
_aSindicalismo. _95257 |
||
| 650 |
_aLucha obrera. _938643 |
||
| 650 |
_aRevolución. _9844 |
||
| 942 |
_2ddc _cLIBROS |
||
| 945 | _awfj | ||